Statistics for business and economics / (Record no. 174314)

000 -LEADER
fixed length control field 01092cam a22002774a 4500
001 - CONTROL NUMBER
control field 15315290
003 - CONTROL NUMBER IDENTIFIER
control field Nust
005 - DATE AND TIME OF LATEST TRANSACTION
control field 20170123145002.0
008 - FIXED-LENGTH DATA ELEMENTS--GENERAL INFORMATION
fixed length control field 080604s2009 ohua b 001 0 eng
010 ## - LIBRARY OF CONGRESS CONTROL NUMBER
LC control number 2007906389
020 ## - INTERNATIONAL STANDARD BOOK NUMBER
International Standard Book Number 9780324658378
040 ## - CATALOGING SOURCE
Original cataloging agency DLC
Transcribing agency DLC
Modifying agency DLC
050 00 - LIBRARY OF CONGRESS CALL NUMBER
Classification number HF1017
Item number .A6 2009
082 ## - DEWEY DECIMAL CLASSIFICATION NUMBER
Classification number 519.5
100 1# - MAIN ENTRY--PERSONAL NAME
Personal name Anderson, David R.
Fuller form of name (David Ray),
Dates associated with a name 1941-
245 10 - TITLE STATEMENT
Title Statistics for business and economics /
Statement of responsibility, etc. David R. Anderson, Dennis J. Sweeney, Thomas A. Williams.
250 ## - EDITION STATEMENT
Edition statement 11th ed.
260 ## - PUBLICATION, DISTRIBUTION, ETC.
Place of publication, distribution, etc. Mason, OH :
Name of publisher, distributor, etc. Thomson South-Western,
Date of publication, distribution, etc. c2011.
300 ## - PHYSICAL DESCRIPTION
Extent xxviii,1018 p. :
Other physical details ill. ;
Dimensions 27 cm. +
Accompanying material 1 CD-ROM (4 3/4 in.)
504 ## - BIBLIOGRAPHY, ETC. NOTE
Bibliography, etc. note Includes bibliographical references (p. [916]-917) and index.
650 #0 - SUBJECT ADDED ENTRY--TOPICAL TERM
Topical term or geographic name entry element Commercial statistics
General subdivision Methodology.
650 #0 - SUBJECT ADDED ENTRY--TOPICAL TERM
Topical term or geographic name entry element Economics
General subdivision Statistical methods.
650 #0 - SUBJECT ADDED ENTRY--TOPICAL TERM
Topical term or geographic name entry element Statistics.
700 1# - ADDED ENTRY--PERSONAL NAME
Personal name Sweeney, Dennis J.
700 1# - ADDED ENTRY--PERSONAL NAME
Personal name Williams, Thomas A.
Fuller form of name (Thomas Arthur),
Dates associated with a name 1944-
906 ## - LOCAL DATA ELEMENT F, LDF (RLIN)
a 7
b cbc
c origcop
d 3
e ncip
f 20
g y-gencatlg
942 ## - ADDED ENTRY ELEMENTS (KOHA)
Source of classification or shelving scheme
Koha item type Book
Holdings
Withdrawn status Lost status Source of classification or shelving scheme Damaged status Not for loan Collection code Permanent Location Current Location Shelving location Date acquired Total Checkouts Full call number Barcode Date last seen Date last checked out Price effective from Koha item type Checked out Total Renewals
            Central Library (CL) Central Library (CL) General Stacks 01/23/2017 2 519.5 AND S3H-S-499 01/31/2024 12/14/2023 01/23/2017 Book    
            Central Library (CL) Central Library (CL) General Stacks 01/23/2017 2 519.5 AND S3H-S-495 10/31/2025 10/31/2025 01/23/2017 Book 11/30/2025  
            Central Library (CL) Central Library (CL) General Stacks 01/23/2017 1 519.5 AND S3H-S-496 11/07/2019 01/29/2019 01/23/2017 Book    
            Central Library (CL) Central Library (CL) General Stacks 01/23/2017 7 519.5 AND S3H-S-497 01/02/2026 09/30/2025 01/23/2017 Book   2
© 2023 Central Library, National University of Sciences and Technology. All Rights Reserved.